Normal view
MARC view
Entry Topical Term
001 - CONTROL NUMBER
- control field: 11650
003 - CONTROL NUMBER IDENTIFIER
- control field: BD-RjUL
005 - DATE AND TIME OF LATEST TRANSACTION
- control field: 20240211184638.0
008 - FIXED-LENGTH DATA ELEMENTS
- fixed length control field: 240211|| aca||aabn | a|a d
040 ## - CATALOGING SOURCE
- Original cataloging agency: BD-RjUL
- Transcribing agency: BD-RjUL
150 ## - HEADING--TOPICAL TERM
- Topical term or geographic name entry element: Economic levels
- General subdivision: Socioeconomic
670 ## - SOURCE DATA FOUND
- Source citation: Work cat.: (BD-RjUL)83047: Reza, Md. Shameem 11649, Personality development in relation to parenting and socioeconomic status /, 2022